=LDR 00000nam 2200000 4500 =001 INLIS000000000809857 =008 ###################################ind## =035 ##$$a 0010-0825000350 =245 ##$$a Mencetak Anak Jenius Dan Cerdas / $c Fanani Anwar =260 ##$$b Sic =020 ##$$a 9799407958 =084 ##$$a 153.98 WAR m =520 ##$$a Kecerdasan dan kemampuan (bakat) =082 ##$$a 153.98